000 00452nab a2200145Ia 4500
003 ES-SlBCS
005 20210601131905.0
008 140529s1938 xxu||||| |||| 00| 0 ger d
041 _ager
100 1 _aSchneider, Heinrich
_9189800
245 0 0 _aDer altlateinische Palimpsest-Psalter in Cod. Vat. lat. 5359
_c Heinrich Schneider
650 0 4 _aCódice Vaticano
_9164335
773 0 _tBiblica
_gvol. 19, nº. 4, 1938, págs. 361-382
_wRev78
942 _cAR
999 _c570550
_d570550